Starfishes and their relations /

Bibliographic Details
Main Author: Clark, Ailsa McGown
Corporate Author: British Museum (Natural History)
Format: Book
Language:English
Published: London : Trustees of the British Museum, 1968.
Edition:2d ed.
Subjects:

MARC

Tag First Indicator Second Indicator Subfields
LEADER 00000cam a2200000 4500
001 in00000097266
005 20150925114632.0
008 730416s1968 enka b 00010 eng u
035 |a (OCoLC)00603783 
035 |9 AAL2722AM 
040 |c OUN  |d TXA  |d UtOrBLW 
049 |a TXAM  |c [1632209] 
090 |a QL381  |b .C53 1968 
100 1 |a Clark, Ailsa McGown. 
245 1 0 |a Starfishes and their relations /  |c [by] Ailsa M. Clark. 
250 |a 2d ed. 
264 1 |a London :  |b Trustees of the British Museum,  |c 1968. 
300 |a 119 pages :  |b illustrations ;  |c 21 cm. 
336 |a text  |b txt  |2 rdacontent 
337 |a unmediated  |b n  |2 rdamedia 
338 |a volume  |b nc  |2 rdacarrier 
500 |a At head of title: British Museum (Natural History) 
504 |a "Sugested further reading": page 119. 
650 0 |a Echinodermata. 
710 2 |a British Museum (Natural History) 
999 |a MARS 
999 f f |s 2cbdae9e-38bc-3c21-bd02-829f886b7e46  |i 60e8aafc-3a51-3c99-b529-c35771396858  |t 0 
952 f f |p ric  |a Texas A&M University  |b Rellis Campus  |c Joint Library Facility  |d Remote Storage  |t 0  |e QL381 .C53 1968  |h Library of Congress classification  |i unmediated -- volume  |m A14804936072 
998 f f |a QL381 .C53 1968  |t 0  |l Remote Storage